| 000 | 00670cab a2200205 4500 | ||
|---|---|---|---|
| 001 | WB3401-46 | ||
| 008 | 090401t1997 xxu||||| |||| 00| 0 eng d | ||
| 035 | _a(Sirsi) u82761 | ||
| 041 | _aeng | ||
| 245 | _aHelp for historic home owners | ||
| 260 | _c1997 | ||
| 350 | _a0 | ||
| 490 |
_aRICS Press Release _v(pr136.corp) 15 December 1997, (2) |
||
| 520 | _aAn RICS guide "Your heritage: a guide to looking after historic property", aims to help owners make the most of historic properties. Free copies available from the RICS information centre. | ||
| 650 | _aHISTORIC HOUSES | ||
| 650 | _aRICS GUIDE | ||
| 690 | _aHOUSING | ||
| 942 | _n0 | ||
| 948 | _c17/12/1997 | ||
| 999 |
_c52271 _d52271 |
||